Η περί "συνεργίας" εν τη δικαίωσει του ανθρώπου διδασκαλία εξ επόψεως ορθοδόξου και αι περί αυτήν συζήτησεις των ετεροδόξων

Αποθηκεύτηκε σε:
Λεπτομέρειες βιβλιογραφικής εγγραφής
Κύριος συγγραφέας: Καλογήρου, Ιωάννης Ορ., 1916-1997
Μορφή: Βιβλίο
Γλώσσα:Greek
Δημοσίευση: Θεσσαλονίκη : Σφακιανάκης, 1953
Θέματα:
Ετικέτες: Προσθήκη ετικέτας
Δεν υπάρχουν, Καταχωρήστε ετικέτα πρώτοι!

MARC

LEADER 00000cam a2200000 i 4500
001 1/40657
008 070206s1953 gre d
035 |l 10086886 
040 |a GR-MY-UA  |b gre  |e aacr 
041 0 |a gre 
082 0 |a 230.046  |2 (22) 
100 1 |a Καλογήρου, Ιωάννης Ορ.,  |d 1916-1997. 
245 1 2 |a Η περί "συνεργίας" εν τη δικαίωσει του ανθρώπου διδασκαλία εξ επόψεως ορθοδόξου και αι περί αυτήν συζήτησεις των ετεροδόξων   |h  [ανάτυπο] /   |c Ιωάννου Ορ. Καλογήρου 
260 |a Θεσσαλονίκη :   |b Σφακιανάκης,   |c 1953 
300 |a 82 σ.;  |c 24 εκ. 
500 |a Με: Μαρία: η αειπαρθένος θεοτόκος κατά την ορθόδοξον πίστιν [ανάτυπο] / Ιωάννου Ορ. Καλογήρου. - Οι παλαιοκαθολικοί και η σύγχρονος οικουμενική κίνησις [ανάτυπο] / Ιωάννου Ορ. Καλογήρου. - Η εν Ρόδω συνέλευσις της κεντρικής επιτροπής του παγκόσμιου συμβουλίου των εκκλησιών : (19-27 Αυγούστου 1959) / Ιωάννου Ορ. Καλογήρου. - Περί τον χαρακτήρα της Ορθοδόξου Καθολικής Εκκλησίας κατά τας εν τη Καινή Διαθήκη θεμελιώδεις σωτηριολογικάς αρχάς [ανάτυπο] / Ιωάννου Ορ. Καλογήρου. - Περί μιαν θεώρησιν της Ορθοδόξου εκκλησίας (κατά το 17ον διεθνές συνέδριον των παλαιοκαθολικών, εν έτει 1957) [ανάτυπο] / υπό Ιωάννου Ορ. Καλογήρου. - Η εκκλησία του Θεού, η παροικούσα γην και το έργον της [ανάτυπο] / Ιωάννου Ορ. Καλογήρου. - Die Tatigkeit der Orthodoxen Kirche bei ihrer ersten Begegnung mit der Reformation (ein Beitrag zum Verstandnis der Neueren Auffassungen) [ανάτυπο] / vom Johannes Kalogirou. - Εκ της Γ' γενικής συνέλευσης του παγκόσμιου συμβουλίου των εκκλησιών εις το νέον Δελχί των Ινδιών [ανάτυπο] / Ιωάννου Ορ. Καλογήρου. - Η ορθοδοξία και ο εις βάρος αυτής προσηλυτισμός [ανάτυπο] / Ιωάννου Ορ. Καλογήρου. - Ο χριστιανισμός: εξ αντικειμένου και υποκειμένου επαλήθευσις της εν τω άνθρωπω αξιολογικής θρησκευτικής λειτουργίας / Ιωάννου Ορ. Καλογήρου 
650 0 0 |a Theology, Doctrinal. 
650 0 0 |a Dialectical theology. 
650 0 0 |a Theology  |x History. 
650 0 0 |a Human beings. 
650 0 0 |a Revelation. 
650 0 0 |a Christianity  |x Philosophy. 
852 |a INST  |b RHODES  |c KRI  |e 20070206  |h  230.046 ΚΑΛ  |p 005400028154  |q 005400028154  |t BK  |y 0 
901 |a BIBL4-2007-1 
909 |a Ρ  |b 122915 
970 |a ΚΟΖΑ  |b ΜΑΡΙΑ  |z 2007/02/06